[Event "Calgary int qual"]
[Site "Calgary"]
[Date "2017.06.09"]
[Round "1.8"]
[White "Scholz, Mike"]
[Black "Gallemaso, Bong"]
[Result "0-1"]
[WhiteElo "1457"]
[BlackElo "2032"]
[PlyCount "66"]
[EventDate "2017.06.??"]
[EventType "swiss"]
[EventRounds "5"]
[EventCountry "CAN"]
[SourceTitle "EXT 2022"]
[Source "ChessBase"]
[SourceDate "2021.10.06"]
[SourceVersion "1"]
[SourceVersionDate "2021.10.06"]
[SourceQuality "1"]

1. e4 c6 2. Nc3 d5 3. exd5 cxd5 4. d4 Nf6 5. Bb5+ Nc6 6. Nf3 a6 7. Bxc6+ bxc6 8. 0-0 Bg4 9. Qd3 e6 10. Ne5 Bf5 11. Qe2 Qc7 12. b3 Bd6 13. Bf4 0-0 14. Na4 Nd7 15. Nxd7 Bxf4 16. Nxf8 Bxh2+ 17. Kh1 Rxf8 18. Nc5 Bd6 19. Nxa6 Qe7 20. Qh5 Bg6 21. Qh3 Qf6 22. Nc5 Qxd4 23. Nxe6 Qe5 24. Nxf8 Bxf8 25. Rfe1 Qf6 26. c3 Bf5 27. Qg3 g6 28. Re8 Kg7 29. f4 Bd6 30. Rae1 Bd7 31. R8e2 Bxf4 32. Qf2 Qg5 33. Qg1 Qh4+ 0-1